Gestão pública brasileira : (Record no. 140)

MARC details
000 -LÍDER
Campo Fixo de Controle 00957nam a22002777a 4500
001 - NÚMERO DE CONTROLE
Campo de Controle 140
003 - IDENTIFICAÇÃO DO NÚMERO DE CONTROLE
Campo de Controle BR-CuiBMT
005 - DATA E HORA DA ÚLTIMA ATUALIZAÇÃO
Campo de Controle 20231025224911.0
008 - DADOS FIXOS
Dados Fixos 230821s2021 mgba 000 0 por d
020 ## - INTERNATIONAL STANDARD BOOK NUMBER
Nº do ISBN 9786555180558
040 ## - AGÊNCIA CATALOGADORA
Código da Agência Catalogadora BR-CuiBMT
Agência que transcreveu o registro BR-CuiBMT
080 ## - Nº DA CLASSIFICAÇÃO DECIMAL UNIVERSAL
Nº edição CDU 2007
Nº Class. CDU 342.92
Subd. Auxiliar Comum (81)
090 ## - NÚMERO DE CHAMADA
Nº classificação 342.92(81)
Cutter G393
245 10 - TÍTULO PRINCIPAL
Título principal Gestão pública brasileira :
Subtítulo inovação sustentável em rede /
Indicação de responsabilidade Teresa Villac, Fabiane Lopes Bueno Netto Bessa, Gisele Duarte Doetzer, coordenadores.
260 ## - PUBLICAÇÃO, DISTRIBUIÇÃO, ETC.
Local de publicação Belo Horizonte :
Editora Fórum,
Data 2021
300 ## - DESCRIÇÃO FÍSICA
N. páginas ou volumes 413 p. :
Ilustrações il. ;
Dimensões 22 cm
504 ## - NOTA DE BIBLIOGRAFIA, ETC.
Nota de bibliografia Inclui bibliografia.
650 ## - ASSUNTO TÓPICO
Cabeçalho tópico ou nome geográfico Direito administrativo
Subdivisão geográfica Brasil
650 ## - ASSUNTO TÓPICO
Cabeçalho tópico ou nome geográfico Direito ambiental
650 ## - ASSUNTO TÓPICO
Cabeçalho tópico ou nome geográfico Gestão pública
Subdivisão geral Sustentabilidade
650 ## - ASSUNTO TÓPICO
Cabeçalho tópico ou nome geográfico Gestão pública
Subdivisão geral Inovação
700 1# - ENTRADA SECUNDÁRIA -- NOME PESSOAL
Nome pessoal Barki, Teresa Villac Pinheiro
Cód. do termo explicativo coord.
700 1# - ENTRADA SECUNDÁRIA -- NOME PESSOAL
Nome pessoal Bessa, Fabiane Lopes Bueno Netto
Cód. do termo explicativo coord.
700 1# - ENTRADA SECUNDÁRIA -- NOME PESSOAL
Nome pessoal Doetzer, Gisele Duarte
Cód. do termo explicativo coord.
942 ## - ELEMENTOS DE ENTRADA ADICIONAIS (KOHA)
Fonte de classificação ou esquema de arquivamento Classificação Decimal Universal
Tipo de item do Koha Livros
Holdings
Estado: removido Estado: perdido Fonte de classificação ou esquema de arquivamento Estado: danificado Indisponível para empréstimo Localização permanente Localização atual Data de aquisição Total Checkouts Número de Chamada completo Código de barras Date last seen Número do exemplar Preço efetivo a partir de Tipo de item (Koha)
    Classificação Decimal Universal     Biblioteca da Escola Superior de Contas do TCE/MT Biblioteca da Escola Superior de Contas do TCE/MT 28/07/2023   342.92(81) G393 BIBTCEMT23080117 21/08/2023 Ex. 1 21/08/2023 Livros

Powered by Koha